000
00324nam a22001337a 4500
008
181030b xxu||||| |||| 00| 0 eng d
020
_a
9780393308570
041
_a
eng
080
_a
941
100
_a
17
101
_a
HIS
245
_a
Bully for Brontosaurus. Reflections in Natural History
_c
Gould, S.J
942
_2
udc
_c
BK
999
_c
51146
_d
51146